000 00312nam a22001337a 4500
008 170926b xxu||||| |||| 00| 0 eng d
020 _a9780312448042
041 _aeng
080 _210 ED
_a46
100 _a46
101 _aEDU
245 _aPATTERNS FOR COLLEGE WRITING
_cKIRSZNER.L.G
942 _2udc
_cBK
999 _c29864
_d29864